Percepciones de amenaza: el conflicto ambiental /
Uloženo v:
| Hlavní autor: | |
|---|---|
| Další autoři: | |
| Médium: | Text |
| Vydáno: |
Santiago:
FLACSO
|
| Tagy: |
Přidat tag
Žádné tagy, Buďte první, kdo vytvoří štítek k tomuto záznamu!
|
MARC
| LEADER | 00000 a a2200000 04500 | ||
|---|---|---|---|
| 001 | 24157 | ||
| 003 | |||
| 040 | |||
| 090 | |a 170900 | ||
| 100 | |a Rojas Aravena, Francisco | ||
| 245 | |a Percepciones de amenaza: el conflicto ambiental / |c Francisco Rojas Aravena | ||
| 260 | |a Santiago: |b FLACSO | ||
| 300 | |a 20 p. | ||
| 700 | |a Martin Faus, Carlos | ||
| 999 | |c 12332 |d 12332 | ||
